banner-ar

التخطيط الاستراتيجى للمؤسسات العامة و غير الربحية المؤسسات الرياضية = The Strategic Planning Of Both Of General Non Benefit Institutions Sports Institution / (Record no. 61731)

MARC details
000 -الفاتح
حقل البيانات ثابتة الطول 01132nam a22002417a 4500
005 - وقت وتاريخ اخر تعامل مع التسجيلة
رقم الضبط 20240530110513.0
008 - عناصر البيانات ثابتة الطول - معلومات عامة
حقل البيانات ثابتة الطول 151221s2013 ua g 000 0 ara d
017 ## - رقم الايداع القانونى
رقم الايداع القانونى 2012/11815
المصدر ( الهيئة المختصة) مصر . دار الكتب المصرية
020 ## - الرقم الدولى المعيارى للكتب
الرقم الدولى المعيارى للكتاب 9789773279906
040 ## - مصدر الفهرسة
وكالة الفهرسة الأصلية EG-CaGPL
082 04 - رقم تصنيف ديوى العشرى
رقم الطبعة 21
رقم التصنيف 658.4012\
رقم المادة ح ت
100 0# - المدخل الرئيسى - إسم شخصى
الإسم الشخصى حسن احمد الشافعى
245 12 - بيان العنوان
العنوان التخطيط الاستراتيجى للمؤسسات العامة و غير الربحية المؤسسات الرياضية = The Strategic Planning Of Both Of General Non Benefit Institutions Sports Institution /
بيان المسئوليه,etc حسن احمد الشافعى ، محمد جمال الدين الكلزة
250 ## - بيان الطبعة
بيان الطبعة ط1
260 ## - PUBLICATION, DISTRIBUTION, ETC. (IMPRINT)
تاريخ النشر أو التوزيع 2013 .
300 ## - الوصف المادى
التعداد 256 ص ؛
أبعاد الوعاء 24 سم .
650 04 - المدخل الاضافى بالموضوع-مصطلح موضوعى
مصطلح موضوعي الادارة
التقسيم الفرعي العام تحليل نظم
650 04 - المدخل الاضافى بالموضوع-مصطلح موضوعى
مصطلح موضوعي التخطيط
التقسيم الفرعي العام تنظيم و ادارة
650 04 - المدخل الاضافى بالموضوع-مصطلح موضوعى
مصطلح موضوعي الادارة
التقسيم الفرعي العام تطوير
700 0# - المدخل الاضافى - اسم شخصى
الإسم الشخصى محمد جمال الدين الكلزة
الدور مؤلف مشارك
942 ## - عناصر المدخل الإضافي( كوها)
مصدر التصنيف او مخطط الترفيف Dewey Decimal Classification
Koha [default] item type كتاب
260 ## - PUBLICATION, DISTRIBUTION, ETC. (IMPRINT)
-- الاسكندرية :
-- دار الوفاء لدنيا الطباعة و النشر ،
Holdings
حالة التراجع حالة الفقد حالة تلف ليس للاعارة المكان المؤقت الموقع الحالى تاريخ الاكتساب اجمالي اﻻعارات رقم الطلب الباركود تاريخ اخر مشاهدة تاريخ تفعيل السعر نوع وعاء كوها
        مكتبة القاهرة الكبرى مكتبة القاهرة الكبرى 12/21/2015   658.4012\ ح ت 161093 12/21/2015 12/21/2015 كتاب

Powered By

EGPV